000 01007nam a2200229 a 4500
001 000275583
003 AM-YEHGA
005 20251008110518.0
008 031023s1948 le ||||fr|||||000|0|arm||
040 _aAM-YEHGA
041 0 _aarm
100 1 _aՕշական, Հակոբ,
_d1883-1948
_94922
245 1 0 _aԱրեւելահայ բանասիրութիւնը եւ Էջմիածին :
_bԳարեգին կթղկ. Յովսէփեան /
_cՅակոբ Օշական.
260 _aԱնթիլիաս :
_bԿիլիկոյ կաթողիկոսութեան,
_c1948.
300 _a214 էջ :
_b[1] թ. դիմանկ ;
_c22 սմ.
500 _aԳիրքը թվայնացվել է Հայաստանի ազգային գրադարանում։
600 1 4 _aՅովսեփյան, Գարեգին
650 1 4 _aԲանասիրություն
650 1 4 _aՀայ եկեղեցու գործիչներ
_94735
856 4 1 _uhttp://haygirk.nla.am/upload/1941-/arevelahay_banasirutyuny_1948.pdf
_yԿարդալ առցանց
942 _2udc
_cBK
999 _c100326
_d100326